000 00673cam a2200229 a 4500
001 11832022
005 20231114054951.0
008 980819s1997 pk a 100 0 eng
040 _aDLC
_cDLC
_dDLC
082 0 0 _a305.42/095491
_221
245 0 0 _aEngendering the nation-state /
_cedited by, Neelam Hussain, Samiya Mumtaz, Rubina Saigol.
260 _aLahore :
_bSimorgh Women's Resource and Publication Centre,
_c1997.
300 _a2 v (v.1: 371 p.)
650 0 _aWomen
650 0 _aWomen's rights
650 0 _aSex role
650 0 _aNation-state.
700 1 _aHussain, Neelam.
_eedt
700 1 _aMumtaz, Samiya.
_eedt
700 1 _aSaigol, Rubina.
_eedt
942 _cL
999 _c9
_d9